| 000 | 00685nam a2200205 a 4500 | ||
|---|---|---|---|
| 999 |
_c3669 _d3669 |
||
| 003 | BD-JhCC | ||
| 005 | 20171115211413.0 | ||
| 008 | 171115s1981 bg ||||| |||| 00| 0 ben d | ||
| 035 | _a(BD-JhCC) | ||
| 040 |
_aBD-JhCC _dBD-JhCC |
||
| 041 | _aben | ||
| 082 |
_a891.4409 _bMOK 1981 |
||
| 100 | _aমকসুদ, সৈয়দ আবুল | ||
| 245 |
_aসৈয়দ ওয়ালীউল্লাহর জীবন ও সাহিত্য / _c সৈয়দ আবুল মকসুদ |
||
| 260 |
_aঢাকা : _bমিনার্ভা বুকস, _c1981. |
||
| 300 |
_a367 p. : _c21 cm. |
||
| 650 | _aCollection of works | ||
| 942 |
_2ddc _cBK |
||